LEADER 02610nam 2200589Ia 450 001 9910459189203321 005 20200520144314.0 010 $a0-8166-7058-7 035 $a(CKB)2670000000033464 035 $a(EBL)557533 035 $a(OCoLC)652654516 035 $a(SSID)ssj0000416196 035 $a(PQKBManifestationID)11291197 035 $a(PQKBTitleCode)TC0000416196 035 $a(PQKBWorkID)10420744 035 $a(PQKB)10305376 035 $a(MiAaPQ)EBC557533 035 $a(OCoLC)650310013 035 $a(MdBmJHUP)muse39081 035 $a(Au-PeEL)EBL557533 035 $a(CaPaEBR)ebr10405242 035 $a(CaONFJC)MIL525771 035 $a(EXLCZ)992670000000033464 100 $a20090805d2010 uy 0 101 0 $aeng 135 $aur|n|---||||| 181 $ctxt 182 $cc 183 $acr 200 10$aDreams of difference, songs of the same$b[electronic resource] $ethe musical moment in film /$fAmy Herzog 210 $aMinneapolis $cUniversity of Minnesota Press$d2010 215 $a1 online resource (244 p.) 300 $aDescription based upon print version of record. 311 $a0-8166-6088-3 311 $a0-8166-6087-5 320 $aIncludes bibliographical references and index. 327 $aIllustrating music : the impossible embodiments of the jukebox film -- Dissonant refrains : Carmen on film -- En chante : music, memory, and perversity in the films of Jacques Demy -- Becoming-fluid : history, corporeality, and the musical spectacle. 330 $aMusical spectacles are excessive and abstract, reconfiguring time and space and creating intense bodily responses. Amy Herzog's engaging work examines those instances where music and movement erupt from within more linear narrative frameworks. The representational strategies found in these films are often formulaic, repeating familiar story lines and stereotypical depictions of race, gender, and class. Yet she finds the musical moment contains a powerful disruptive potential. Dreams of Difference, Songs of the Same investigates the tension and the fusion of difference and repetition in films t 606 $aMotion picture music$xHistory and criticism 606 $aMusical films 608 $aElectronic books. 615 0$aMotion picture music$xHistory and criticism. 615 0$aMusical films. 676 $a781.5/42 700 $aHerzog$b Amy$0902959 801 0$bMiAaPQ 801 1$bMiAaPQ 801 2$bMiAaPQ 906 $aBOOK 912 $a9910459189203321 996 $aDreams of difference, songs of the same$92018600 997 $aUNINA LEADER 00998nam a2200289 i 4500 001 991000981969707536 005 20020507104719.0 008 970225s1969 ne ||| | eng 035 $ab10156987-39ule_inst 035 $aLE00640151$9ExL 040 $aDip.to Fisica$bita 084 $a53.8 084 $a510.20 084 $a530.4'1 084 $aQC174.5 100 1 $aCornwell, J.F.$045925 245 10$aGroup theory and electronic energy bands in solids /$cJ.F. Cornwell 260 $aAmsterdam :$bNorth-Holland Publ. Co.,$c1969 300 $axiv, 288 p. :$bill. , 20 cm. 650 4$aEnergy-band theory of solids 650 4$aGroup theory 907 $a.b10156987$b21-09-06$c27-06-02 912 $a991000981969707536 945 $aLE006 53.7+53.8 COR$g1$i2006000061063$lle006$o-$pE0.00$q-$rl$s- $t0$u1$v0$w1$x0$y.i10189853$z27-06-02 996 $aGroup theory and electronic energy bands in solids$9187247 997 $aUNISALENTO 998 $ale006$b01-01-97$cm$da $e-$feng$gne $h0$i1